Cultura general sobre historia #2 - Estadísticas

Estadísticas generales
  • Esta prueba ha sido intentada 3.146 veces
    2.795 desde el último reinicio
  • La puntuación promedio es 14 de 20
Estadísticas de respuestas
Pregunta Respuesta % Correcto
¿Qué país se enfrentó a la Guerra Fría a la Unión Soviética en 1946? Estados Unidos
92%
¿En que ciudad se celebraron los primeros Juegos Olímpicos Modernos? Atenas
90%
¿Qué escritor escribió novelas tan conocidas como Hamlet o Romeo y Julieta? William Shakespeare
90%
¿En qué ciudad se lanzó la primera bomba atómica? Hiroshima
89%
¿Quién artista pintó la Gioconda? Leonardo da Vinci
89%
¿En qué país se encuentra la Capilla Sixtina? Ciudad del Vaticano
88%
¿Quién descubrió la gravedad? Isaac Newton
87%
¿En que año cayó el Muro de Berlín? 1989
84%
La invasión alemana a Polonia hizo que un gran evento histórico sucediera, ¿sabrías decir cual? Segunda Guerra Mundial
83%
¿En qué siglo se fundó el Islam? S. VII
82%
¿Qué imperio bombardeo 'Pearl Harbor' en 1941? Imperio Japonés
81%
¿Quién pintó la Capilla Sixtina? Miguel Ángel
81%
¿Quién inventó la bomba atómica? Robert Oppenheimer
70%
¿Cuál otro nombre recibió el Imperio Romano de Oriente? Imperio Bizantino
63%
¿Qué nombre recibió el compromiso de paz, firmado por varias naciones, para poner fin a la Primera Guerra Mundial? El Tratado de Versalles
59%
¿Cómo se llama el período en el que apareció la agricultura? Neolítico
57%
¿Quién se dice que alcanzó la iluminación mientras estaba sentado bajo el Árbol Bodhi? Buda Gautama
53%
Durante la Segunda Guerra Mundial, los alemanes utilizaron una táctica militar para ganar de forma rápida. ¿Qué nombre recibió esta táctica? Guerra Relámpago (Blitzkrieg)
46%
¿Qué matemático griego corrió desnudo por las calles gritando ¡Eureka!? Arquímedes
45%
¿Qué país fue liderado por Haile Selassie? Etiopía
21%
No se encontraron pruebas coincidentes
Distribución de puntuación
Porcentaje de gente con cada puntuación
Porcentaje por número respondido
Historial de tus puntuaciones
No has intentado esta prueba desde el último reinicio